| 000 | 00494nam a22002057a 4500 | ||
|---|---|---|---|
| 999 |
_c216482 _d216482 |
||
| 005 | 20260325105653.0 | ||
| 008 | 260325b ||||| |||| 00| 0 eng d | ||
| 040 |
_aLC _cUNZA |
||
| 050 |
_aSF95 _bTYL 1964 |
||
| 100 | _9Tyler, Cyril | ||
| 245 |
_aAnimal nutrition/ _cCyril Tyler |
||
| 250 | _a2nd edition | ||
| 260 |
_aLondon _bChapman and Hall _c1964 |
||
| 300 | _axii, 253 pages | ||
| 336 | _aBook | ||
| 337 | _aBook | ||
| 338 | _aBook | ||
| 504 | _aIncudes Index | ||
| 942 | _cVETLONG | ||